Statistics for U.S. Cities by Picture #3

Click here to take the quiz!

General Stats

  • This quiz has been taken 13 times
  • The average score is 6 of 20

Answer Stats

Answer % Correct
Orlando
100%
Winston - {Salem}
36%
Albuquerque
36%
Tampa
36%
Oakland
36%
Little {Rock}
36%
Fort {Worth}
36%
Arlington
27%
{Long}Beach
27%
West Palm Beach
27%
Portland
27%
Galveston
27%
Fort {Lauderdale}
27%
Nashville
27%
Tulsa
27%
Shreveport
18%
Austin
18%
Biloxi
18%
St. Petersburg
18%
Norfolk
18%

Score Distribution

Percentile by Number Answered

Percent of People with Each Score

Your Score History

You have not taken this quiz